| 000 | 00617cam a2200253 4500 | ||
|---|---|---|---|
| 001 | J107618 | ||
| 008 | 000000n1993 000 0 eng u | ||
| 035 | _a(Sirsi) u107618 | ||
| 050 | _a333.33094 | ||
| 100 | _aComport, A L | ||
| 245 | _aReality in realty | ||
| 260 |
_aAdelaide _bManning Printers _c1993 |
||
| 300 | _a191p. ; 30cm. | ||
| 650 | _aAUSTRALIA | ||
| 650 | _aADELAIDE | ||
| 650 | _aPROPERTY MARKET | ||
| 650 |
_aValuation _96273 |
||
| 650 | _aJONES LANG WOOTON | ||
| 650 | _aSURVEYING | ||
| 650 | _aHOUSING | ||
| 650 | _aREAL ESTATE | ||
| 690 | _aINTERNATIONAL-AUSTRALASIA | ||
| 942 | _n0 | ||
| 999 |
_c100707 _d100707 |
||